Deutsche Städte Einwohnervergleich - Sudden Death - Statistiken

Allgemein
  • Dieses Quiz wurde 326 mal gespielt
  • Das Durchschnittsergebnis liegt bei 7 aus 10
Answers on the Grid
Answers color-coded by a green-red scale on the quiz's grid according to % correct below.
Düsseldorf
Hamburg
Stuttgart
Mainz
Hildesheim
Ulm
Nürnberg
Kassel
Kiel
Konstanz
Saarbrücken
Bamberg
Heilbronn
Landshut
Freiburg im Breisgau
Zwickau
Emmerich am Rhein
Wolfenbüttel
Oldenburg
Arnsberg
Delmenhorst
Nordhorn
Bruchsal
Remscheid
Darmstadt
Dresden
Erfurt
Stade
Neustrelitz
Teltow
 
Antwortstatistiken
Antwort % Korrekt
Hamburg
100%
Nürnberg
84%
Mainz
80%
Saarbrücken
72%
Freiburg im Breisgau
71%
Dresden
70%
Oldenburg
70%
Zwickau
63%
Remscheid
61%
Stade
35%
Keine übereinstimmenden Quizze gefunden
Verteilung der Resultate
Anzahl Personen mit jedem Resultat
Perzentil nach korrekt beantworteten Fragen
Ihre Resultats-Entwicklung
Sie haben dieses Quiz noch nicht gespielt